| 000 | 00766nam a22002177a 4500 | ||
|---|---|---|---|
| 005 | 20170124110246.0 | ||
| 010 | _aB-168018 | ||
| 020 |
_c1100.00 _a8178330423 |
||
| 035 | _aB-168018 | ||
| 037 | _bCen Lib/Ret | ||
| 040 |
_aDPL _bEN |
||
| 082 |
_a615.8 _bHAN |
||
| 110 |
_aNew Delhi.National Institute of Industrial Research _997587 |
||
| 245 | _aHandbook on unani medicines with formulae,processes,uses and analysis / | ||
| 260 |
_aDelhi _bAsia Pacific Business Press |
||
| 270 |
_a106-E, Kamla Nagar _bDelhi _e110007 |
||
| 300 |
_a678p. : _c20cm(Hb) _bill. |
||
| 650 |
_aUnani -- medicine _997588 |
||
| 650 |
_aUnani -- handbook _997589 |
||
| 942 |
_2ddc _cEN _h615.8 _mHAN |
||
| 999 |
_c135537 _d135537 |
||